Reglamento interior del Servicio Municipal de Pompas Fúnebres
Descripción Física:
52 p. ; 16 cm
MARC
| LEADER | 00000nam a2200000Ia 4500 | ||
|---|---|---|---|
| 001 | 14795 | ||
| 008 | 160829s9999 xx 000 0 cat d | ||
| 080 | |a FU-30-38 | ||
| 110 | 1 | |a Barcelona (Catalunya). |b Servicio Municipal de Pompas Fúnebres |9 56275 | |
| 245 | |a Reglamento interior del Servicio Municipal de Pompas Fúnebres | ||
| 260 | |a Barcelona : |b Casa Provincial de Caridad, [1947?] | ||
| 300 | |a 52 p. ; |c 16 cm | ||
| 590 | |a Hi ha un exemplar a J-1480, exp. 8. | ||
| 610 | 1 | 0 | |a Barcelona (Catalunya). |b Servicio Municipal de Pompas Fúnebres |9 56275 |
| 610 | 1 | 0 | |a Barcelona (Catalunya). |b Servicio Municipal de Pompas Fúnebres |9 56278 |x Reglaments i procediment |
| 710 | |a Casa de Caritat (Barcelona, Catalunya) |9 52406 | ||
| 901 | |a Arxiu | ||
| 942 | |n 1 |2 udc | ||
| 952 | |0 0 |1 0 |4 0 |6 FU3038 |7 1 |9 48284 |a Arxiu |b Arxiu |d 2016-12-01 |l 0 |o FU-30-38 |p 14795 |r 2016-12-01 00:00:00 |w 2016-12-01 |y ARXIU | ||
| 999 | |c 52090 |d 52090 | ||